<?xml version="1.0" encoding="UTF-8"?>
<record
    xmlns:xsi="http://www.w3.org/2001/XMLSchema-instance"
    xsi:schemaLocation="http://www.loc.gov/MARC21/slim http://www.loc.gov/standards/marcxml/schema/MARC21slim.xsd"
    xmlns="http://www.loc.gov/MARC21/slim">

  <leader>04523nam a2200361 a 4500</leader>
  <controlfield tag="003">CHAP</controlfield>
  <controlfield tag="005">20230418124448.0</controlfield>
  <controlfield tag="007">ta</controlfield>
  <controlfield tag="008">230315s2012    -usado|f |||| 001 0 eng d</controlfield>
  <datafield tag="020" ind1=" " ind2=" ">
    <subfield code="a">978-1-138-19945-3</subfield>
  </datafield>
  <datafield tag="040" ind1=" " ind2=" ">
    <subfield code="a">mxchpua</subfield>
    <subfield code="c">CHAP</subfield>
    <subfield code="e">rda</subfield>
  </datafield>
  <datafield tag="050" ind1="1" ind2="0">
    <subfield code="a">TP440</subfield>
    <subfield code="b">.A38 2012</subfield>
  </datafield>
  <datafield tag="082" ind1="0" ind2="0">
    <subfield code="2">20</subfield>
    <subfield code="a">664.8</subfield>
    <subfield code="b">A38 2012</subfield>
  </datafield>
  <datafield tag="245" ind1="1" ind2="0">
    <subfield code="a">Advances in fruit processing technologies /</subfield>
    <subfield code="c">editores Sueli Rodrigues y Fabiano Andre Narciso Fernandes</subfield>
  </datafield>
  <datafield tag="250" ind1=" " ind2=" ">
    <subfield code="a">1a edici&#xF3;n</subfield>
  </datafield>
  <datafield tag="264" ind1=" " ind2=" ">
    <subfield code="a">Boca Raton, Florida :</subfield>
    <subfield code="b">CRC Press,</subfield>
    <subfield code="c">2012</subfield>
  </datafield>
  <datafield tag="300" ind1=" " ind2=" ">
    <subfield code="a">xvii, 454 p&#xE1;ginas :</subfield>
    <subfield code="b">ilustraciones, gr&#xE1;ficas, diagramas, tablas, fotos</subfield>
  </datafield>
  <datafield tag="336" ind1=" " ind2=" ">
    <subfield code="2">rdacontent</subfield>
    <subfield code="a">texto</subfield>
    <subfield code="b">txt</subfield>
  </datafield>
  <datafield tag="337" ind1=" " ind2=" ">
    <subfield code="2">rdamedia</subfield>
    <subfield code="a">sin medio</subfield>
    <subfield code="b">n</subfield>
  </datafield>
  <datafield tag="338" ind1=" " ind2=" ">
    <subfield code="2">rdacarrier</subfield>
    <subfield code="a">volumen</subfield>
    <subfield code="b">nc</subfield>
  </datafield>
  <datafield tag="490" ind1="1" ind2=" ">
    <subfield code="a">Contemporary Food Engineering Series / edici&#xF3;n Da-Wen Sun (CRC)</subfield>
  </datafield>
  <datafield tag="504" ind1=" " ind2=" ">
    <subfield code="a">Incluye bibliograf&#xED;as</subfield>
  </datafield>
  <datafield tag="505" ind1="0" ind2=" ">
    <subfield code="a">1. Ultraviolet Light for Processing Fruits and Fruit Products / T. Koutchma and M. Orlowska --
2. High-Pressure Processing / F. A. N. Fernandes --
3. Ultrasound Applications in Fruit Processing / F. A. N. Fernandes and S. Rodrigues --
4. Membrane Applications in Fruit Processing Technologies / S. DasGupta and B.Sarkar --
5. High-Intensity Pulsed Electric Field Applications in Fruit Processing / I. Aguil&#xF3;-Aguayo, P. Elez-Mart&#xED;nez, R. Soliva-Fortuny, and O. Mart&#xED;n-Belloso --
6. Applications of Ozone in Fruit Processing / P. J. Cullen and B. K. Tiwari --
7. Irradiation Applications in Fruit and Other Fresh Produce Processing / R. G. Moreira and E. M. Castell-Perez --
8. Minimal Processing / E. de Oliveira Silva, M. do Socorro Rocha Bastos,
N. Jair Wurlitz, Z. de Jesus Barros, and F. Mangan --
9. Enzyme Maceration / S. Rodrigues --
10. Fruit and Fruit Juices as Vehicle for Probiotic Microorganisms and Prebiotic Oligosaccharides / S. Rodrigues --
11. Freeze Concentration Applications in Fruit Processing / M. Ravent&#xF3;s, E. Hern&#xE1;ndez, and J.M. Auleda --
12. Refrigeration and Cold Chain Effect on Fruit Shelf Life / J. M. C. da Costa and E. Clemente --
13. Vacuum Frying of Fruits Applications in Fruit Processing / R. G. Moreira --
14. Edible Coatings / H. M. C. de Azeredo --
15. Thermal Treatment Effects in Fruit Juices / F. A. Miller and C. L.M. Silva --
16. Effect of Fruit Processing on Product Aroma / N. Narain and J. de Jesus da Silveira Moreira --
17. Sensory Evaluation in Fruit Product Development / D. dos Santos Garruti, H. Virginia de Vasconcelos Facundo, J. R. Lima, and A. Cardoso de Aquino --
Index</subfield>
  </datafield>
  <datafield tag="520" ind1="2" ind2=" ">
    <subfield code="a">One of the main concerns of the food industry is the need for high-quality fresh fruits and fruit products with good sensory quality, long shelf life, and high nutritional value. To meet these demands, new processing technologies are under investigation and development. Advances in Fruit Processing Technologies incorporates fundamentals in food processing as well as the advances made in recent years to improve final product quality.

With contributions from a panel of international researchers who present a blend of classical and emerging technologies, the book explores:

Ozone, ultrasound, irradiation, pulsed electric field, vacuum frying, and high-pressure processing
Ultraviolet and membrane processing
Enzymatic maceration, freeze concentration, and refrigeration
The effect of processing on sensory characteristics and nutritional value
New trends in modified atmosphere packaging
The use of fruit juices as a vehicle for probiotic microorganisms
Prebiotic oligosaccharides as an alternative for dairy products
Incorporating a series of case studies on the application of various technologies, the book reviews their advantages, limitations, successes, and failures. The contributors also examine the implications of food processing technologies on waste production, energy use, and resource requirements. This comprehensive survey of methods for optimizing fruit quality is an ideal resource for those in the fruit and vegetable industry looking for innovations that can improve efficiency, reduce waste, and cut costs.</subfield>
  </datafield>
  <datafield tag="650" ind1="1" ind2="3">
    <subfield code="9">150524</subfield>
    <subfield code="a">Frutos  </subfield>
    <subfield code="x">Tecnolog&#xED;a de procesamiento</subfield>
  </datafield>
  <datafield tag="650" ind1="1" ind2="3">
    <subfield code="9">150524</subfield>
    <subfield code="a">Frutos  </subfield>
    <subfield code="x">Preservaci&#xF3;n de alimentos</subfield>
  </datafield>
  <datafield tag="650" ind1="1" ind2="3">
    <subfield code="9">150789</subfield>
    <subfield code="a">Fruits  </subfield>
    <subfield code="x">Processing technology</subfield>
  </datafield>
  <datafield tag="650" ind1="1" ind2="3">
    <subfield code="9">150789</subfield>
    <subfield code="a">Fruits  </subfield>
    <subfield code="x">Food preservation</subfield>
  </datafield>
  <datafield tag="700" ind1="1" ind2=" ">
    <subfield code="9">186418</subfield>
    <subfield code="a">Rodrigues, Sueli</subfield>
    <subfield code="e">editora</subfield>
  </datafield>
  <datafield tag="700" ind1="1" ind2=" ">
    <subfield code="9">186419</subfield>
    <subfield code="a">Narciso Fernandes, Fabiano Andre</subfield>
    <subfield code="e">editor</subfield>
  </datafield>
  <datafield tag="830" ind1=" " ind2="0">
    <subfield code="9">159943</subfield>
    <subfield code="a">Contemporary Food Engineering Series / edici&#xF3;n Da-Wen Sun</subfield>
  </datafield>
  <datafield tag="942" ind1=" " ind2=" ">
    <subfield code="2">ddc</subfield>
    <subfield code="c">Libro</subfield>
  </datafield>
  <datafield tag="999" ind1=" " ind2=" ">
    <subfield code="c">218551</subfield>
    <subfield code="d">218551</subfield>
  </datafield>
  <datafield tag="952" ind1=" " ind2=" ">
    <subfield code="0">0</subfield>
    <subfield code="1">0</subfield>
    <subfield code="2">ddc</subfield>
    <subfield code="4">0</subfield>
    <subfield code="5">1</subfield>
    <subfield code="7">0</subfield>
    <subfield code="8">GRAL</subfield>
    <subfield code="a">IA_</subfield>
    <subfield code="b">IA_</subfield>
    <subfield code="d">2021-12-07</subfield>
    <subfield code="e">Compra Carvann Books F. C20</subfield>
    <subfield code="i">Consumo</subfield>
    <subfield code="l">0</subfield>
    <subfield code="o">664.8 A38 2012</subfield>
    <subfield code="p">1102014440</subfield>
    <subfield code="r">2023-03-15 00:00:00</subfield>
    <subfield code="t">Ej. 1</subfield>
    <subfield code="w">2023-03-15</subfield>
    <subfield code="y">LIBRO</subfield>
  </datafield>
  <datafield tag="952" ind1=" " ind2=" ">
    <subfield code="0">0</subfield>
    <subfield code="1">0</subfield>
    <subfield code="2">ddc</subfield>
    <subfield code="4">0</subfield>
    <subfield code="5">1</subfield>
    <subfield code="7">0</subfield>
    <subfield code="8">GRAL</subfield>
    <subfield code="a">IA_</subfield>
    <subfield code="b">IA_</subfield>
    <subfield code="d">2021-12-07</subfield>
    <subfield code="e">Compra Carvann Books F. C20</subfield>
    <subfield code="i">Consumo</subfield>
    <subfield code="l">0</subfield>
    <subfield code="o">664.8 A38 2012</subfield>
    <subfield code="p">1102014441</subfield>
    <subfield code="r">2023-03-15 00:00:00</subfield>
    <subfield code="t">Ej. 2</subfield>
    <subfield code="w">2023-03-15</subfield>
    <subfield code="y">LIBRO</subfield>
  </datafield>
</record>
